000 00727nam a2200205Ia 4500
003 GCL
008 140319s9999 xx 000 0 ara d
040 _aGCL /
_cGCL
082 0 4 _a215.3
_bج ت
100 1 _aمحمد زينهم محمد عزب
245 1 0 _aتاريخ بيت المقدس /
_cمحمد زينهم محمد عزب
700 1 _aابن الجوزى : ابوالفرج جمال الدين عبدالرحمن بن على بن محمد بن على القرشى البغدادى
260 _a[S.N] :
_bمكتبة الثقافة الدينية ،
_c1989
300 _a84 ص
490 _a
650 0 4 _aالقدس
650 0 4 _aبيت المقدس
650 0 4 _aالمسجد الاقصى
942 _2ddc
_cBK
999 _c58534
_d58534